00747cam a2200253 a 45000010009000000050017000090080041000260100017000670200018000840200015001020400018001170410008001350420008001430800014001510820018001651000007001831010008001902450057001985040051002559060045003069420012003519990017003639520113003801696523920180214041035.0110916s2013 maua b 001 0 eng  a 2011038729 a9780132657143 a0132657147 aDLCcDLCdDLC aeng apcc a649.1 MEN00a649.1 MEN2231 a47 aEDU10aChild, family, and community :cJanet Gonzalez-Mena. aIncludes bibliographical references and index. a7bcbccorignewd1eecipf20gy-gencatlg 2ddccBK c42473d42473 00102udc40708PËKGa002b002cPËKGd2018-02-14l0o649.1 MENp002-2998223r2018-02-14w2018-02-14yBK